Dragon Ball Characters A-Z - Statistics

General Stats
  • This quiz has been taken 154 times
  • The average score is 15 of 25
Answer Stats
letter Answer % Correct
B Bulma/bulla/buu/blue/broly/bardock/beerus/belmod/bibidi/babidi/burter/botamo/bergamo/basil/bikkura/baby/bojack
98%
G Goku/Goten/gohan/gamma 1/gamma 2/gine/giin/guru/ginyu/guldo/garlic/gogeta/gotenks/granolah/gas/giru/gero/gomah/ gurumes/glorio
96%
C Chi chi/chiaotzu/cell/cell Jr./cell max/cymbal/cabba/caulifla/cooler/cold/champa/cui/cocotte/chappil/cranberry/cheelai
93%
V Vegeta/videl/violet/vados/vegito
90%
K Krillin/korin/kado/kale/kuu/kibito/kami/kefla/kahseral/k'nsi/kettle/kakunsa/kochin/kadan
79%
P Piccolo/Pan/puar/pilaf/piano/paragus/puipui/pikkon/pirina/paparoni/pibara/porunga/pansy/pelar
78%
T Trunks/tien/tao/tambourine/tarble/turles/top/tupper/toronbo/tamagami
78%
F Frieza/frost
77%
A Android 8/android 13/abo/android 17/android 18/android 19/Android 20/arale/arak/appule/auta magetta/aniraza/arinsu
76%
Z Zeno/zamasu/zarbon
73%
R Roshi/red/raditz/rumsshi/recoome/ribrianne/rozie/rilldo/rageshenron
71%
Y Yamcha/yajirobe/yamoshi/yamu/yakon/yemma
70%
J Janemba/jeice/jiren/jaco
68%
D Dabura/drum/Dr brief/duu/dende/dodoria/dyspo/don kee/degesu
67%
H Hercule/heles/hit/hop/haze shenron/hedo/hirudegarn
63%
W Whis/wheelo
62%
S Shenron/silver/sidra/spopovich/shin/slug/shu/saonel/seventhree/saganbo/super shenron/super 17
57%
N Nappa/nail/nuova shenron/natron shenron/neva/nimbus
54%
O Oolong/ox-king/oregano/oatmeal/oil/Omega shenron/Oceanus shenron
50%
M Mosco/majuub/mai/merus/moro/mori/monaito/macki/marron/magenta/marba
42%
U Uub/uranai baba
33%
L Launch/liquiir/lavender/lemo/luud/lucifer
31%
E Elec/eis shenron/enma
17%
I Iwan/icarus
17%
Q Quitela
11%
No matching quizzes found
Score Distribution
Percent of People with Each Score
Percentile by Number Answered
Your Score History
You have not taken this quiz